नवे संसार (Record no. 336967)

MARC details
000 -LEADER
fixed length control field 00587nam a2200169Ia 4500
008 - FIXED-LENGTH DATA ELEMENTS--GENERAL INFORMATION
fixed length control field 090711s9999 xx 000 0 und d
082 ## - DEWEY DECIMAL CLASSIFICATION NUMBER
Item number 10
100 ## - MAIN ENTRY--PERSONAL NAME
Personal name माडखोलकर गजानन त्र्यं.
245 ## - TITLE STATEMENT
Title नवे संसार
260 ## - PUBLICATION, DISTRIBUTION, ETC. (IMPRINT)
Name of publisher, distributor, etc अक्षय प्रकाशन
Date of publication, distribution, etc 1999
300 ## - PHYSICAL DESCRIPTION
Extent 272
600 ## - SUBJECT ADDED ENTRY--PERSONAL NAME
Personal name माडखोलकर गजानन त्र्यं.
630 ## - SUBJECT ADDED ENTRY--UNIFORM TITLE
Uniform title नवे संसार
700 ## - ADDED ENTRY--PERSONAL NAME
Personal name माडखोलकर गजानन त्र्यं.
730 ## - ADDED ENTRY--UNIFORM TITLE
Uniform title नवे संसार
942 ## - ADDED ENTRY ELEMENTS (KOHA)
Koha item type Book

No items available.